Every City in Virginia on a Map - Statistics

General Stats
  • This quiz has been taken 1,878 times
  • The average score is 33 of 227
Answers on the Map
Answers color-coded by a green-red scale on the quiz's map according to % correct below.
 
Answer Stats
City Population % Correct
Richmond 229,247
95%
Virginia Beach 453,649
91%
Norfolk 230,930
84%
Alexandria 155,230
79%
Chesapeake 253,886
75%
Roanoke 97,171
75%
Newport News 183,118
74%
Charlottesville 44,983
70%
Lynchburg 79,535
66%
Blacksburg 45,485
64%
Hampton 137,098
63%
Fairfax 25,144
58%
Fredericksburg 28,928
58%
Suffolk 100,659
58%
Williamsburg 15,847
58%
Manassas 42,696
53%
Harrisonburg 51,082
52%
Danville 41,837
50%
Winchester 27,617
50%
Portsmouth 96,793
49%
Leesburg 49,312
46%
Petersburg 33,309
46%
Bristol 16,807
44%
Staunton 25,915
42%
Falls Church 14,685
40%
Salem 25,600
33%
Lexington 7,528
32%
Radford 16,971
30%
Appomattox 1,992
29%
Manassas Park 16,361
29%
Christiansburg 22,542
28%
Culpeper 21,012
27%
Washington 84
27%
Waynesboro 23,182
27%
Vienna 16,306
26%
Emporia 5,463
25%
Franklin 8,339
24%
Front Royal 15,400
24%
Hopewell 22,752
24%
Martinsville 13,763
24%
Galax 6,717
23%
Poquoson 12,635
23%
Chincoteague 3,271
22%
Colonial Heights 18,393
22%
Buena Vista 6,566
21%
Farmville 7,478
21%
Madison 209
21%
Shenandoah 2,480
21%
Ashland 7,822
20%
Herndon 24,935
20%
Orange 5,158
20%
Warrenton 10,210
20%
Wise 2,890
20%
Luray 4,828
19%
Quantico 582
19%
Wytheville 8,172
19%
Abingdon 8,325
17%
Bedford 6,777
17%
Norton 3,492
16%
Pulaski 8,858
16%
South Boston 7,803
16%
Cape Charles 1,265
15%
Bluefield 4,906
14%
Covington 5,545
14%
Smithfield 8,989
14%
Accomac 512
13%
Louisa 2,150
13%
Purcellville 8,924
13%
Surry 208
13%
Tappahannock 2,187
13%
Tazewell 4,332
13%
Clifton 240
12%
Halifax 1,091
12%
Marion 5,617
12%
Amherst 2,113
11%
Big Stone Gap 5,114
11%
Dublin 2,663
11%
Dumfries 5,916
11%
Floyd 449
11%
Berryville 4,782
10%
Haymarket 1,570
10%
Occoquan 1,047
10%
Tangier 432
10%
Vinton 8,046
10%
Woodstock 5,940
10%
Buchanan 1,210
9%
Grundy 837
9%
New Market 2,193
9%
Pearisburg 2,832
9%
Rocky Mount 4,968
9%
West Point 3,536
9%
Bridgewater 6,765
8%
Colonial Beach 4,003
8%
Exmore 1,431
8%
Gordonsville 1,492
8%
Hamilton 607
8%
Middleburg 676
8%
South Hill 4,881
8%
Strasburg 7,260
8%
Appalachia 1,387
7%
Bowling Green 1,225
7%
Broadway 4,317
7%
Clarksville 1,302
7%
Clifton Forge 3,388
7%
Damascus 787
7%
Gate City 2,023
7%
Kilmarnock 1,443
7%
Lebanon 3,110
7%
Lovettsville 2,707
7%
Monterey 172
7%
Narrows 2,046
7%
Stephens City 2,116
7%
Stuart 1,426
7%
Wakefield 748
7%
Waverly 1,942
7%
Windsor 2,899
7%
Altavista 3,331
6%
Blackstone 3,336
6%
Chatham 1,198
6%
Edinburg 1,211
6%
Elkton 3,036
6%
Glasgow 1,037
6%
Hillsville 2,856
6%
Independence 1,005
6%
Middletown 1,413
6%
Mineral 512
6%
New Castle 121
6%
Onancock 1,157
6%
Pembroke 1,130
6%
Rural Retreat 1,529
6%
Scottsville 537
6%
Troutville 468
6%
Warsaw 1,673
6%
Chilhowie 1,620
5%
Crewe 2,238
5%
Dayton 1,740
5%
Duffield 70
5%
Eastville 295
5%
Fincastle 766
5%
Glen Lyn 92
5%
Goshen 334
5%
Gretna 1,284
5%
Hillsboro 112
5%
Jonesville 850
5%
Montross 340
5%
Mount Jackson 2,008
5%
Pennington Gap 1,577
5%
Pocahontas 257
5%
Port Royal 207
5%
Richlands 5,095
5%
Round Hill 687
5%
Saltville 1,779
5%
Stanardsville 357
5%
The Plains 252
5%
Victoria 1,747
5%
Boones Mill 261
4%
Boyce 786
4%
Boydton 299
4%
Charlotte Court House 498
4%
Chase City 2,052
4%
Cleveland 136
4%
Clintwood 1,337
4%
Courtland 1,289
4%
Dillwyn 441
4%
Fries 444
4%
Grottoes 2,996
4%
Haysi 477
4%
Hurt 1,242
4%
Irvington 472
4%
Ivor 310
4%
Jarratt 635
4%
Lawrenceville 1,001
4%
Mount Crawford 454
4%
Onley 534
4%
Pound 844
4%
Remington 646
4%
Rich Creek 733
4%
St. Paul 838
4%
Timberville 3,062
4%
Toms Brook 280
4%
Urbanna 503
4%
Virgilina 120
4%
Weber City 1,238
4%
White Stone 381
4%
Alberta 296
3%
Belle Haven 535
3%
Boykins 512
3%
Brodnax 284
3%
Brookneal 1,078
3%
Burkeville 416
3%
Capron 138
3%
Cedar Bluff 1,024
3%
Cheriton 460
3%
Claremont 309
3%
Clinchco 234
3%
Clinchport 62
3%
Coeburn 1,562
3%
Craigsville 910
3%
Dendron 255
3%
Dungannon 254
3%
Glade Spring 1,368
3%
Honaker 1,195
3%
Iron Gate 308
3%
Keller 141
3%
Kenbridge 1,116
3%
Keysville 794
3%
La Crosse 611
3%
McKenney 460
3%
Melfa 397
3%
Nassawadox 521
3%
Painter 270
3%
Parksley 809
3%
Ridgeway 737
3%
Saxis 170
3%
Stanley 1,703
3%
Stony Creek 202
3%
Troutdale 139
3%
Wachapreague 255
3%
Bloxom 378
2%
Branchville 120
2%
Drakes Branch 518
2%
Hallwood 205
2%
Newsoms 281
2%
Nickelsville 376
2%
Pamplin City 145
2%
Phenix 228
2%
Scottsburg 126
2%
No matching quizzes found
Score Distribution
Percent of People with Each Score
Percentile by Number Answered
Your Score History
You have not taken this quiz